000 00975 a2200217 4500
003 Nust
005 20170207153255.0
010 _a 75042154
020 _a0882753770
040 _cNust
082 0 0 _a624.171
100 1 _aLin, Y. K.
245 1 0 _aProbabilistic theory of structural dynamics /
_cY. K. Lin.
260 _aHuntington, N.Y. :
_bR. E. Krieger Pub. Co.,
_c1976,
300 _axi, 368 p. :
_bill. ;
_c24 cm.
500 _aReprint of the ed. published by McGraw-Hill, New York.
505 _aIntroduction (Page-1) Some Aspects of Probability (Page-6) Theory Random Processes (Page-67) Gaussian Poisson and Markov Random Process (Page-67) Linear Structures with Single Degree Freedom (Page-110) Linear Continuous Structure (Page-203)Nonlinear Structures (Page-253) Structural Failures Resulting From Dynamic Response and Related Topics (Page-293)  
538 _aAlmirah No.42 Shelf No. 2
650 0 _aStochastic processes.
650 0 _aStructural dynamics.
942 _2ddc
_cBK
999 _c182993
_d182993